00751nam a22001937a 450000500170000001000150001702000260003203500140005803700090007208200160008124500830009726000400018027000800022030000200030070000260032094200300034699900190037695201620039520250709165228.0 aENG-145905 a9789394912007c995.00 aEN-129437 bDBAD a327.5105491 aChina-Pak's balochistan policy devastating impact /cedited by Sunjoy K. Singh aNew DelhibIshwari Publishersc2022 a204-205, 2nd Floor, Durga Complex, CSC, Mayur Vihar-II, bNew Delhie110092 a272pc22cm.(Hb) aSingh Sunjoy K982870 2ddccENh327.5105491mCHI c212297d212297 001040708NFICaZLSbZLSd2025-07-09eDelivery of Books Act Divisiong995.00l0o327.5105491 CHIpEN-129437r2025-07-09 00:00:00t1v995.00w2025-07-09yEN